[Event "Montigny le Bretonneux op 25th"]
[Site "Montigny le Bretonneux"]
[Date "2023.05.21"]
[Round "9"]
[White "Payot, Guillaume"]
[Black "Martin Breteau, Paul"]
[Result "1/2-1/2"]
[WhiteElo "1402"]
[BlackElo "1506"]
[PlyCount "61"]
[EventDate "2023.05.18"]
[EventType "swiss"]
[EventRounds "9"]
[EventCountry "FRA"]
[SourceTitle "CBM 214 Extra"]
[Source "ChessBase"]
[SourceDate "2023.07.31"]
[SourceVersion "1"]
[SourceVersionDate "2023.07.31"]
[SourceQuality "1"]

1. d4 d5 2. c4 c6 3. cxd5 cxd5 4. Bf4 e6 5. Nc3 Bb4 6. e3 Bxc3+ 7. bxc3 Nc6 8. Bd3 h6 9. Nf3 Nf6 10. h3 0-0 11. 0-0 b6 12. Rc1 Bb7 13. c4 dxc4 14. Rxc4 Rc8 15. Rc1 Qe7 16. Bb1 Nb4 17. Qa4 Bxf3 18. gxf3 Nbd5 19. Be5 Nc3 20. Qa6 Nfd5 21. Qd3 Nxb1 22. Qxb1 Qd7 23. Kh2 f6 24. Bg3 Rxc1 25. Rxc1 f5 26. Be5 Qf7 27. Rg1 Nf6 28. Rg2 Qh5 29. Qg1 Qf7 30. Kh1 Kh7 31. Qb1 1/2-1/2

[Event "Montigny le Bretonneux op 21st"]
[Site "Montigny le Bretonneux"]
[Date "2021.12.29"]
[Round "5"]
[White "Payot, Guillaume"]
[Black "Bauchaire, Isaac"]
[Result "1-0"]
[WhiteElo "1286"]
[BlackElo "1109"]
[PlyCount "75"]
[EventDate "2021.12.26"]
[EventType "swiss"]
[EventRounds "9"]
[EventCountry "FRA"]
[SourceTitle "EXT 2023"]
[Source "ChessBase"]
[SourceDate "2022.10.05"]
[SourceVersion "1"]
[SourceVersionDate "2022.10.05"]
[SourceQuality "1"]

1. d4 d5 2. c4 c6 3. Nc3 Nf6 4. Nf3 Bf5 5. cxd5 Nxd5 6. Qb3 Nb6 7. e4 Be6 8. Qc2 N8d7 9. Bd3 g6 10. 0-0 Bg7 11. Bf4 c5 12. d5 Bg4 13. Nd2 Ne5 14. Be3 c4 15. Be2 Bxe2 16. Nxe2 Rc8 17. Bd4 0-0 18. f4 Ng4 19. Bxg7 Kxg7 20. Qc3+ Nf6 21. Nd4 Na4 22. Qa3 b5 23. Nc6 Rxc6 24. dxc6 Qxd2 25. Qxe7 Rc8 26. Qxa7 Nxe4 27. Rad1 Qb4 28. Rd5 Rxc6 29. Rfd1 Rd6 30. Rxd6 Nxd6 31. Qd4+ Kg8 32. Qxd6 Qxd6 33. Rxd6 Nxb2 34. Kf1 c3 35. Rc6 Nc4 36. Rxc4 bxc4 37. Ke1 f6 38. a4 1-0

[Event "Montigny le Bretonneux op 21st"]
[Site "Montigny le Bretonneux"]
[Date "2021.12.29"]
[Round "6"]
[White "Payot, Guillaume"]
[Black "Imbert, Christophe"]
[Result "0-1"]
[WhiteElo "1286"]
[BlackElo "1880"]
[PlyCount "44"]
[EventDate "2021.12.26"]
[EventType "swiss"]
[EventRounds "9"]
[EventCountry "FRA"]
[SourceTitle "EXT 2023"]
[Source "ChessBase"]
[SourceDate "2022.10.05"]
[SourceVersion "1"]
[SourceVersionDate "2022.10.05"]
[SourceQuality "1"]

1. d4 Nf6 2. c4 g6 3. Nc3 d5 4. cxd5 Nxd5 5. e4 Nxc3 6. bxc3 Bg7 7. Bg5 c5 8. Rc1 cxd4 9. cxd4 0-0 10. Nf3 Bg4 11. Be2 Qa5+ 12. Qd2 Qxd2+ 13. Kxd2 Nc6 14. d5 h6 15. dxc6 hxg5 16. cxb7 Rfd8+ 17. Ke3 Rab8 18. Ba6 Kf8 19. Rc7 Bb2 20. Rb1 Ba3 21. Ne5 Be6 22. Rxe7 Bc5+ 0-1

[Event "Montigny le Bretonneux op 21st"]
[Site "Montigny le Bretonneux"]
[Date "2021.12.27"]
[Round "1"]
[White "Payot, Guillaume"]
[Black "Goujon, Antoine"]
[Result "1/2-1/2"]
[WhiteElo "1286"]
[BlackElo "1775"]
[PlyCount "57"]
[EventDate "2021.12.26"]
[EventType "swiss"]
[EventRounds "9"]
[EventCountry "FRA"]
[SourceTitle "EXT 2023"]
[Source "ChessBase"]
[SourceDate "2022.10.05"]
[SourceVersion "1"]
[SourceVersionDate "2022.10.05"]
[SourceQuality "1"]

1. d4 Nf6 2. c4 e6 3. Nc3 Bb4 4. e3 b6 5. Bd3 Bb7 6. Nf3 0-0 7. 0-0 Bxc3 8. bxc3 Ne4 9. Nd2 d5 10. Qc2 f5 11. f3 Nxd2 12. Bxd2 Ba6 13. cxd5 Bxd3 14. Qxd3 exd5 15. e4 f4 16. exd5 Qxd5 17. Qe4 Qxe4 18. fxe4 g5 19. g3 fxg3 20. Rxf8+ Kxf8 21. Bxg5 gxh2+ 22. Kxh2 Nd7 23. Kh3 Re8 24. Re1 Kg7 25. e5 h6 26. Bf4 c6 27. Rg1+ Kh7 28. Kh4 c5 29. Kh5 1/2-1/2

[Event "Montigny le Bretonneux Noel op 20th"]
[Site "Montigny le Bretonneux"]
[Date "2019.12.28"]
[Round "3"]
[White "Payot, Guillaume"]
[Black "Quenehen, Nassim"]
[Result "1/2-1/2"]
[WhiteElo "1273"]
[BlackElo "1261"]
[PlyCount "58"]
[EventDate "2019.12.27"]
[EventType "swiss"]
[EventRounds "7"]
[EventCountry "FRA"]
[SourceTitle "CBM 194 Extra"]
[Source "ChessBase"]
[SourceDate "2020.03.31"]
[SourceVersion "1"]
[SourceVersionDate "2020.03.31"]
[SourceQuality "1"]

1. d4 d5 2. c4 e6 3. Nc3 Bb4 4. e3 Nf6 5. Nf3 Ne4 6. Bd2 Nxc3 7. Bxc3 Bxc3+ 8. bxc3 0-0 9. Bd3 Nd7 10. 0-0 Nf6 11. Re1 b6 12. cxd5 exd5 13. e4 Nxe4 14. Bxe4 dxe4 15. Rxe4 Bb7 16. Re3 Re8 17. Qd3 Rxe3 18. Qxe3 Qe8 19. Re1 Qxe3 20. Rxe3 Bxf3 21. Rxf3 Re8 22. Re3 Kf8 23. g4 Rxe3 24. fxe3 Ke7 25. Kf2 Ke6 26. e4 g6 27. g5 a5 28. a4 b5 29. Ke3 bxa4 1/2-1/2

[Event "Montigny le Bretonneux Noel op 20th"]
[Site "Montigny le Bretonneux"]
[Date "2019.12.28"]
[Round "4"]
[White "Trimbitasu, Elyas"]
[Black "Payot, Guillaume"]
[Result "0-1"]
[WhiteElo "1150"]
[BlackElo "1273"]
[PlyCount "44"]
[EventDate "2019.12.27"]
[EventType "swiss"]
[EventRounds "7"]
[EventCountry "FRA"]
[SourceTitle "CBM 194 Extra"]
[Source "ChessBase"]
[SourceDate "2020.03.31"]
[SourceVersion "1"]
[SourceVersionDate "2020.03.31"]
[SourceQuality "1"]

1. e4 e6 2. d4 d5 3. exd5 exd5 4. Nc3 Bf5 5. Bf4 Nc6 6. Nb5 Rc8 7. Qf3 Nf6 8. Bxc7 Rxc7 9. Nxc7+ Qxc7 10. Qxf5 Nxd4 11. Qd3 Nxc2+ 12. Kd1 Nxa1 13. Qb1 Ne4 14. Bb5+ Kd8 15. Nh3 Bc5 16. f3 Nd6 17. Bd3 Qa5 18. Ke2 Re8+ 19. Kf1 Qd2 20. Bb5 Nxb5 21. Qe4 Qd1+ 22. Qe1 Qxe1# 0-1

[Event "Montigny le Bretonneux Noel op 17th"]
[Site "Montigny le Bretonneux"]
[Date "2016.12.30"]
[Round "7"]
[White "Payot, Guillaume"]
[Black "Handichi, Abdelkader"]
[Result "0-1"]
[WhiteElo "1199"]
[BlackElo "1409"]
[PlyCount "80"]
[EventDate "2016.12.26"]
[EventType "swiss"]
[EventRounds "7"]
[EventCountry "FRA"]
[SourceTitle "CBM 176 Extra"]
[Source "ChessBase"]
[SourceDate "2017.03.02"]
[SourceVersion "1"]
[SourceVersionDate "2017.03.02"]
[SourceQuality "1"]

1. d4 d5 2. c4 e6 3. Bf4 Nf6 4. e3 c5 5. Nf3 Nbd7 6. Nc3 b6 7. Bd3 dxc4 8. Bxc4 Be7 9. Bb5 Bb7 10. h3 0-0 11. 0-0 a6 12. Ba4 b5 13. Bc2 Rc8 14. b3 cxd4 15. Nb1 Nh5 16. Qd3 Ndf6 17. Bg5 Be4 18. Qe2 d3 19. Qe1 dxc2 20. Nbd2 Bd3 21. g4 Bxf1 22. Qxf1 Ba3 23. Rc1 Bxc1 24. Qxc1 Qd5 25. Bxf6 Nxf6 26. g5 Ne4 27. Nxe4 Qxe4 28. Nd2 Qd3 29. Kg2 Rfd8 30. Nf3 Qd1 31. Qb2 c1Q 32. Qe5 Qc6 33. Qg3 Rd5 34. Kh2 Qd6 35. e4 Qxg3+ 36. Kxg3 Rd3 37. Kh4 Qxf3 38. g6 Qg2 39. gxh7+ Kxh7 40. Kh5 Rxh3# 0-1

[Event "Montigny le Bretonneux Noel op 17th"]
[Site "Montigny le Bretonneux"]
[Date "2016.12.29"]
[Round "5"]
[White "Nguyen, Hai Long"]
[Black "Payot, Guillaume"]
[Result "1-0"]
[WhiteElo "1567"]
[BlackElo "1199"]
[PlyCount "51"]
[EventDate "2016.12.26"]
[EventType "swiss"]
[EventRounds "7"]
[EventCountry "FRA"]
[SourceTitle "CBM 176 Extra"]
[Source "ChessBase"]
[SourceDate "2017.03.02"]
[SourceVersion "1"]
[SourceVersionDate "2017.03.02"]
[SourceQuality "1"]

1. d4 Nf6 2. c4 e6 3. Nf3 Bb4+ 4. Bd2 Bxd2+ 5. Qxd2 0-0 6. Nc3 d5 7. e3 Nbd7 8. Bd3 Nb6 9. c5 Nc4 10. Bxc4 dxc4 11. Qe2 c6 12. Qxc4 b5 13. cxb6 Qxb6 14. Qe2 Ba6 15. Qd2 Rab8 16. Na4 Rfd8 17. Nxb6 Rxb6 18. Qc2 Rdb8 19. b3 Nd5 20. Ne5 Nb4 21. Qd2 R8b7 22. Nc4 Bxc4 23. bxc4 a5 24. 0-0 Rd7 25. Rfe1 c5 26. a3 1-0